Nueva concepción del derecho del trabajo / (Registro nro. 6382)
[ vista simple ]
| 000 -LEADER | |
|---|---|
| fixed length control field | 01269nab a22002537a 4500 |
| 003 - CONTROL NUMBER IDENTIFIER | |
| control field | OSt |
| 005 - DATE AND TIME OF LATEST TRANSACTION | |
| control field | 20260201152601.0 |
| 008 - FIXED-LENGTH DATA ELEMENTS--GENERAL INFORMATION | |
| fixed length control field | 190506c xxu||||| |||| 00| 0 spa d |
| 040 ## - CATALOGING SOURCE | |
| Transcribing agency | PJ |
| 100 ## - MAIN ENTRY--PERSONAL NAME | |
| 9 (RLIN) | 7025 |
| Personal name | Gauna, Belén Isabel |
| 245 10 - TITLE STATEMENT | |
| Title | Nueva concepción del derecho del trabajo / |
| Remainder of title | Belén Isabel Gauna, Rodrigo Gastón Sánchez. |
| 260 ## - PUBLICATION, DISTRIBUTION, ETC. (IMPRINT) | |
| Place of publication, distribution, etc | Buenos Aires : |
| Name of publisher, distributor, etc | AbeledoPerrot, |
| Date of publication, distribution, etc | 2023. |
| 300 ## - PHYSICAL DESCRIPTION | |
| Extent | p. 26-32 |
| 500 ## - GENERAL NOTE | |
| General note | Cita: TR LALEY AR/DOC/1569/2023 |
| 505 ## - FORMATTED CONTENTS NOTE | |
| Formatted contents note | Sumario: I. Contrato de trabajo: relación de dependencia.— II. ¿Plataformas digitales como contrato de trabajo?— III. Trabajadores de plataforma: ¿nueva categoría de trabajadores?— IV. Jurisprudencia argentina: principio de la primacía de la realidad.— V. ¿Cómo es en otras partes del mundo?— VI. Conclusiones.— VII. Bibliografía. |
| 505 ## - FORMATTED CONTENTS NOTE | |
| Title | ¿Te interesa el texto completo? Comunicate al correo: koha@justierradelfuego.gov.ar |
| 650 #0 - SUBJECT ADDED ENTRY--TOPICAL TERM | |
| 9 (RLIN) | 1316 |
| Topical term or geographic name as entry element | DERECHO LABORAL |
| 650 #0 - SUBJECT ADDED ENTRY--TOPICAL TERM | |
| 9 (RLIN) | 281 |
| Topical term or geographic name as entry element | INTERNET |
| 650 #0 - SUBJECT ADDED ENTRY--TOPICAL TERM | |
| 9 (RLIN) | 1402 |
| Topical term or geographic name as entry element | JORNADA DE TRABAJO |
| 650 #0 - SUBJECT ADDED ENTRY--TOPICAL TERM | |
| 9 (RLIN) | 1323 |
| Topical term or geographic name as entry element | CONTRATO DE TRABAJO |
| 650 #0 - SUBJECT ADDED ENTRY--TOPICAL TERM | |
| 9 (RLIN) | 4193 |
| Topical term or geographic name as entry element | PROYECTO DE LEY |
| 773 0# - HOST ITEM ENTRY | |
| Host Biblionumber | 2751 |
| Host Itemnumber | 3202 |
| Place, publisher, and date of publication | Buenos Aires : AbeledoPerrot, 2013- |
| Title | Revista de derecho laboral y seguridad social. Nº 16 - Agosto 2023 |
| 942 ## - ADDED ENTRY ELEMENTS (KOHA) | |
| Source of classification or shelving scheme | |
| Koha item type | Analítica Artículo de Revista |
No hay ítems disponibles.
